|
|
|
|
| LEADER |
00000nam a2200000 a 4500 |
| 001 |
vtls010280796 |
| 003 |
SK-MaSNL |
| 005 |
20260426005415.0 |
| 008 |
251124s2011 xo o g b 000 0bslo |
| 015 |
|
|
|a SNBA2011/07-04003
|
| 015 |
|
|
|a SNBSAB2011-00015
|
| 020 |
|
|
|a 9788022734905
|q (brož.)
|
| 035 |
|
|
|a 5B6454D2-678E-4F36-98EF-630BBED90261
|
| 035 |
|
|
|a urn:nbn:sk:snk-amjhxb
|
| 035 |
|
|
|a urn:nbn:sk:snk-am001ya1
|
| 040 |
|
|
|a SNK
|b slo
|c SNK
|e AACR2
|
| 041 |
0 |
|
|a slo
|a cze
|
| 044 |
|
|
|a xo
|c SK
|
| 072 |
|
7 |
|a 54
|x Chémia. Mineralogické vedy
|2 konspekt
|
| 072 |
|
7 |
|a 929
|x Biografie
|2 konspekt
|
| 080 |
|
|
|a 54-051
|2 2001
|
| 080 |
|
|
|a 929Görner, Fridrich
|2 2001
|
| 080 |
|
|
|a (437.6)
|2 2001
|
| 080 |
|
|
|a (092)
|2 2001
|
| 080 |
|
|
|a (0:82-94)
|2 2001
|
| 080 |
|
|
|a 016
|2 2001
|
| 100 |
1 |
|
|a Valík, Ľubomír,
|d 1963-
|4 aut
|9 210645
|
| 245 |
1 |
0 |
|a Prof. Dr. Ing. Fridrich Görner, DrSc.
|b k 90. výročiu narodenia
|c Ľubomír Valík, Karol Herian, Michal Uher
|
| 250 |
|
|
|a 1. vyd.
|
| 260 |
|
|
|a V Bratislave
|b Slovenská technická univerzita
|c 2011
|
| 300 |
|
|
|a 64 s.
|b fotogr.
|c 21 cm
|
| 366 |
|
|
|e 100 výt.
|
| 490 |
1 |
|
|a Osobnosti Fakulty chemickej a potravinárskej technológie STU v Bratislave
|v zv. 7
|
| 504 |
|
|
|a Zoz. diel F. Görnera s. 31-36. Usporiadanie temat. 111 zázn. o zborníkoch, monogr.
|
| 546 |
|
|
|a Čiast. text čes.
|
| 600 |
1 |
7 |
|a Görner, Fridrich,
|d 1921-2006
|2 SNKMA
|9 37281
|
| 650 |
0 |
7 |
|a chemici
|2 SNKPH
|9 55095
|
| 650 |
0 |
7 |
|a Chemists
|2 SNKPHeng
|9 327483
|
| 650 |
0 |
7 |
|a spomienky
|2 SNKPH
|9 55795
|
| 651 |
|
7 |
|a Slovensko
|2 SNKPH
|9 14231
|
| 651 |
|
7 |
|a Slovakia
|2 SNKPHeng
|9 92630
|
| 655 |
|
7 |
|a biografie
|2 SNKPH
|9 27965
|
| 655 |
|
7 |
|a Biography
|2 SNKPHeng
|9 266314
|
| 655 |
|
7 |
|a Reminiscences
|2 SNKPHeng
|9 93477
|
| 655 |
|
7 |
|a personálne bibliografie
|2 SNKPH
|9 70198
|
| 700 |
1 |
|
|a Herian, Karol,
|d 1942-2025
|4 aut
|9 188511
|
| 700 |
1 |
|
|a Uher, Michal,
|d 1936-
|9 219584
|
| 810 |
2 |
|
|a Slovenská technická univerzita v Bratislave.
|b Fakulta chemickej a potravinárskej technológie
|t Osobnosti Fakulty chemickej a potravinárskej technológie STU v Bratislave
|9 318720
|
| 830 |
|
0 |
|a Osobnosti Fakulty chemickej a potravinárskej technológie STU v Bratislave
|9 327485
|
| 919 |
|
|
|a 978-80-227-3490-5
|
| 958 |
|
|
|a BX
|
| 958 |
|
|
|a PB
|
| 958 |
|
|
|a OND
|
| 968 |
|
|
|d 53+54
|
| 999 |
|
|
|c 1007335
|d 1009265
|
| 952 |
|
|
|a SNK
|b SNK
|y PREZ
|7 0
|p 17A0703545
|o snkSC 145560
|i snk2011/11973
|8 0
|0 0
|1 0
|4 0
|d 2011-05-24
|l 0
|r 2025-07-15 00:00:00
|w 2026-02-24
|
| 952 |
|
|
|a SNK
|b SNK
|y VYP
|7 0
|p 17A0703546
|o snkSC 145560 D1
|i snk2011/11975
|8 0
|0 0
|1 0
|4 0
|d 2011-05-24
|f 1
|l 0
|r 2026-02-24 12:40:25
|w 2026-02-24
|